1970 1441 1999 1348 1782 1096 1840 1197 1682 1117 1181 1433 1324 1118 1309 1647 1002 1666 1240 1139 1733 1250 1228 1587 1598 1844 1694 1952 1966 1828 1987 1552 1562 1990 1231 1826 1365 1536 1523 1504 1829 1900 1624 1540 1922 1863 1843 1897 1633 1207 1015 1828 1108 1974 1487 1752 1825 1838 1504 1036 1746 1333 1314 1993 1116 1811 1232 1512 1001 1973 1963 1805 1376 1235 1020 1305 1171 1354 1869 1432 1547 1116 1881 1120 1113 1370 1817 1864 1818 1072 1371 1603 1016 1027 1303 1871 1703 1629 1615 BCNSPRNW ULIB Ver.6.0+V

เปลี่ยนเป็นภาษาไทย

Change to English
 แสดงรายละเอียดบรรณานุกรม
  กลับหน้าหลัก

Brief Record : Get Marc (ISO 2709) : E-mail record : QR code < ปิดหน้าต่าง
LEADER : 00000nam 2200000uu 4500
001    13399111792
003     ULIB
008    110203s2553||||th 000 0 tha d
020    9746453629(ล.2)
060  4 WA32JT3^bส627อ ล.2 2553
110 1  มหาวิทยาลัยสุโขทัยธรรมาธิราช^bสาขาวิชาวิทยาศาสตร์สุขภาพ
245 00 เอกสารการสอนชุดวิชา กฎหมายเกี่ยวกับสาธารณสุขสิ่งแวดล้อมและนิติเวชศาสตร์ หน่วยที่ 9-15 =^bLaws related to public health,environmental health and forensic medicine/^cสาขาวิชาวิทยาศาสตร์สุขภาพ มหาวิทยาลัยสุโขทัยธรรมาธิราช
246 0  Laws related to public health,environmental health and forensic medicine
250    พิมพ์ครั้งที่ 10
260    นนทบุรี:^bศูนย์หนังสือมหาวิทยาลัยสุโขทัยธรรมาธิราช,^c2553
300    354 หน้า
650  7 กฎหมายเกี่ยวกับสาธารณสุข
650  7 นิติเวชศาสตร์
650  7 กฎหมายสิ่งแวดล้อม
945    ^p0^l0^i030311
945    ^p0^l0^i030312
945    ^p0^l0^i030313
995    ทศพร
999 ^a ใช้งานได้ทุกระบบ
รายการนี้ยังไม่มีแท็ก
คุณยังไม่ได้ล็อกอิน คุณสามารถมีกิจกรรมร่วมกับเว็บไซต์ได้ แต่ต้องล็อกอินก่อน ::
  ล็อกอิน

รายการสื่อสารสนเทศ

ลำดับที่ ประเภท เลขเรียก/บาร์โค้ด สถานที่ สถานะ
1. วิทยาศาสตร์การแพทย์ และสุขภาพ
วิทยาศาสตร์การแพทย์ และสุขภาพ
WA32JT3 ส627อ ล.2 2553 ฉ.1 
  Barcode: 030311
ห้องสมุดวิทยาเขตสวรรค์ประชารักษ์
►ส่วนจัดเก็บหนังสือเก่า สปร
บนชั้น
  ขอยืม
2. วิทยาศาสตร์การแพทย์ และสุขภาพ
วิทยาศาสตร์การแพทย์ และสุขภาพ
WA32JT3 ส627อ ล.2 2553 ฉ.2 
  Barcode: 030312
ห้องสมุดวิทยาเขตสวรรค์ประชารักษ์
►ส่วนจัดเก็บหนังสือเก่า สปร
บนชั้น
  ขอยืม
3. วิทยาศาสตร์การแพทย์ และสุขภาพ
วิทยาศาสตร์การแพทย์ และสุขภาพ
WA32JT3 ส627อ ล.2 2553 ฉ.3 
  Barcode: 030313
ห้องสมุดวิทยาเขตสวรรค์ประชารักษ์
►ส่วนจัดเก็บหนังสือเก่า สปร
บนชั้น
  ขอยืม

รายการใกล้เคียง
    หัวเรื่อง [กฎหมายเกี่ยวกับสาธารณสุข]
    หัวเรื่อง [นิติเวชศาสตร์]
    หัวเรื่อง [กฎหมายสิ่งแวดล้อม]

BibComment


ยังไม่เคยถูกคอมเมนท์

คอมเมนท์ทรัพยากรรายการนี้
  คอมเมนท์: เอกสารการสอนชุดวิ..


 Copyright 2026. Bcnsprnw @Library